The Journey of latex exploitation in the rubber tree (Record no. 70812)

MARC details
000 -LEADER
fixed length control field 00363nam a2200121Ia 4500
100 ## - MAIN ENTRY--AUTHOR NAME
Personal name Rodrigo V.H.L.
245 #4 - TITLE STATEMENT
Title The Journey of latex exploitation in the rubber tree
260 ## - PUBLICATION, DISTRIBUTION, ETC. (IMPRINT)
Name of publisher Bulletin of the Rubber Research Institute of Sri Lanka
Year of publication 2009
300 ## - PHYSICAL DESCRIPTION
Number of Pages 23-33
700 ## - ADDED ENTRY--PERSONAL NAME
Personal name Balasooriya M.M.D.C.
942 ## - ADDED ENTRY ELEMENTS (KOHA)
Koha item type Journals
Holdings
Withdrawn status Lost status Damaged status Not for loan Home library Current library Shelving location Date acquired Serial Enumeration / chronology Koha item type
      Journals RRII Library RRII Library LHT 28/07/2010 Volume 50, Issue .. Journals